000 00426nam a22001697a 4500
005 20160523163531.0
008 160523b xxu||||| |||| 00| 0 eng d
020 _a0-07-058286-6
041 _aeng
082 _b4435
100 _aSynder, Charles A
_91083
245 _aManagement of Telecommunications
260 _aNew Delhi
_bAcademic Faundation
300 _a764
650 _aInformation Technology
_9137
942 _cBK
999 _c1474
_d1474